Statistics for Top Five by Category Quiz #1

Click here to take the quiz!

General Stats

  • This quiz has been taken 184 times
  • The average score is 17 of 30

Answer Stats

Hint#Answer% Correct
Countries by area1Russia
99%
Countries with most Olympic medals2Soviet Union
99%
Countries by area4United States
99%
Countries with most Olympic medals1United States
99%
Countries by area3China
96%
Countries by area2Canada
95%
Highest Mountains1Mt. Everest
90%
Countries by area5Brazil
87%
Countries with most Olympic medals3Great Britain
79%
Most populous cities*2Tokyo
79%
Countries with most Olympic medals4Germany
73%
Countries with most Olympic medals5France
72%
Highest Mountains2K2
71%
Most valuable football clubs3Manchester United
68%
Most valuable football clubs1Real Madrid
67%
Most valuable football clubs2FC Barcelona
63%
Most populous cities*3Shanghai
60%
Most populous cities*5Delhi
56%
First people in space1Yuri Gagarin
54%
Most valuable football clubs5Manchester City
47%
Most populous cities*4Jakarta
46%
Most populous cities*1Guangzhou
42%
Most valuable football clubs4FC Bayern München
40%
First people in space5John Glenn
25%
First people in space2Alan Shepard
9%
Highest Mountains4Lhotse
8%
Highest Mountains3Kangchenjunga
7%
Highest Mountains5Makalu
6%
First people in space3Virgil Grissom
6%
First people in space4Gherman Titov
4%

Score Distribution

Percentile by Number Answered

Percent of People with Each Score

Your Score History

You have not taken this quiz